000 00266nam a2200097Ia 4500
001 1104393
005 20250827003359.0
008 250824s9999 xx 000 0 und d
245 0 _aBU YALNIZLIK BANA FAZLA BÖLÜŞELİM Mİ?
_cMURAT TAVLI
260 _bDESTEK YAYINLARI
999 _c1104393
_d1104393